Régions d'Albanie - Statistiques

Statistiques générales
  • Ce quiz a été pris 519 fois
  • Le résultat moyen est 8 sur 12
Réponses sur la Carte
Les réponses sont colorées sur une échelle allant du rouge au vert en fonction du pourcentage des utilisateurs qui les ont devinées à leur premier essai. Vous pouvez retrouver ces pourcentages ci-dessous.
 
Statistiques - réponses
Réponse % Correct
Tirana
95%
Durrës
82%
Shkodër
74%
Vlorë
74%
Berat
61%
Kukës
61%
Elbasan
58%
Gjirokastër
53%
Fier
52%
Korçë
52%
Lezhë
50%
Dibër
43%
Aucun quiz correspondant
Distribution des résultats
% des personnes avec chaque résultat
Percentile par nombre de réponses
Votre historique - résultats
Vous n’avez pas pris ce quiz